Normal view
MARC view
- DME TEXTBOOK PHYSICS VOLUME 1
Entry Topical Term
001 - CONTROL NUMBER
- control field: 111623
003 - CONTROL NUMBER IDENTIFIER
- control field: NUST
005 - DATE AND TIME OF LATEST TRANSACTION
- control field: 20230331091914.0
008 - FIXED-LENGTH DATA ELEMENTS
- fixed length control field: 230331|| aca||aabn | a|a d
040 ## - CATALOGING SOURCE
- Original cataloging agency: NUST
- Transcribing agency: NUST
150 ## - HEADING--TOPICAL TERM
- Topical term or geographic name entry element: DME TEXTBOOK PHYSICS VOLUME 1
670 ## - SOURCE DATA FOUND
- Source citation: Work cat.: (NUST): Resnik, Robert 111622, Physics Volume 1, 2016.
